Zahraničná politika Slovenskej republiky - východiská, stav a perspektívy

Bibliographic Details
Main Authors: Duleba, Alexander, 1966- (Author), Lukáč, Pavol, 1970-2004 (Author), Wlachovský, Miroslav, 1970- (Author)
Format: Book
Language:Slovak
PhysicalDescription:63 s. 21 cm
Published: Bratislava Slovenská spoločnosť pre zahraničnú politiku c1998
ISBN:8096774549
Subjects:

MARC

LEADER 00000nam a2200000 a 4500
001 vtls001372534
003 SK-MaSNL
005 20260302000541.0
008 240318s1998 xo r slo
015 |a SNBA1999/11-04278 
020 |a 8096774549 
035 |a SNK000326385 
035 |a urn:nbn:sk:snk-amkk0c 
035 |a urn:nbn:sk:snk-am003v1a 
035 |a E7124406-F072-46A4-9EA4-CF14C8DCA85E 
040 |a SNK  |b slo  |c SNK  |e AACR2 
041 0 |a slo 
044 |a xo  |c SK 
080 |a 327(437.6)  |2 1981 
100 1 |a Duleba, Alexander,  |d 1966-  |4 aut  |9 109162 
245 1 0 |a Zahraničná politika Slovenskej republiky - východiská, stav a perspektívy  |c Alexander Duleba, Pavol Lukáč, Miroslav Wlachovský 
260 |a Bratislava  |b Slovenská spoločnosť pre zahraničnú politiku  |c c1998 
300 |a 63 s.  |c 21 cm 
650 0 7 |a politika zahraničná  |z Slovensko  |x perspektívy  |2 SNK  |9 635271 
655 7 |a príručky  |2 SNK  |9 74364 
700 1 |a Lukáč, Pavol,  |d 1970-2004  |4 aut  |9 89416 
700 1 |a Wlachovský, Miroslav,  |d 1970-  |4 aut  |9 16932 
919 |a 80-967745-4-9 
958 |a TL 
999 |c 980049  |d 981979 
952 |t P60, <09>, [BOOK], {629}  |a SNK  |b SNK  |y NEVYP  |7 0  |o snkC 604  |i snk1131/990921  |0 0  |1 0  |4 0  |d 1999-09-17  |l 0  |r 2005-01-02 00:00:00  |w 2026-02-24 
952 |t P60, <03>, [BOOK], {603}  |a SNK  |b SNK  |y PREZ  |7 0  |p 17A0208772  |o snkSC 99578  |i snkKSP 9142/99  |0 0  |1 0  |4 0  |d 1999-09-17  |f 1  |l 0  |r 2025-09-19 00:00:00  |w 2026-02-24 
952 |t P60, <04>, [BOOK], {604}  |a SNK  |b SNK  |y VYP  |7 0  |p 17A0208773  |o snkSC 99578 D1  |i snkKSP 9143/99  |0 0  |1 0  |4 0  |d 1999-09-17  |l 0  |r 2005-01-02 00:00:00  |w 2026-02-24